Thuở ban đầu (Hồi ký sư phạm)
Gespeichert in:
| 1. Verfasser: | |
|---|---|
| Format: | Buch |
| Sprache: | Undetermined |
| Veröffentlicht: |
Tp. HCM
Trẻ
2003
|
| Schlagworte: | |
| Tags: |
Tag hinzufügen
Keine Tags, Fügen Sie den ersten Tag hinzu!
|
| Thư viện lưu trữ: | Trung tâm Học liệu Trường Đại học Cần Thơ |
|---|
| LEADER | 00566nam a2200205Ia 4500 | ||
|---|---|---|---|
| 001 | CTU_58866 | ||
| 008 | 210402s9999 xx 000 0 und d | ||
| 020 | |b 42000đ | ||
| 082 | |a 895.922803 | ||
| 082 | |b T455 | ||
| 100 | |a Dương Thiệu Tống | ||
| 245 | 0 | |a Thuở ban đầu (Hồi ký sư phạm) | |
| 245 | 0 | |c Dương Thiệu Tống | |
| 260 | |a Tp. HCM | ||
| 260 | |b Trẻ | ||
| 260 | |c 2003 | ||
| 650 | |a vietnamese literature | ||
| 650 | |y 20th century | ||
| 904 | |i Minh | ||
| 980 | |a Trung tâm Học liệu Trường Đại học Cần Thơ | ||